| 000 | 00454nam a22001577a 4500 | ||
|---|---|---|---|
| 008 | 230504b |||||||| |||| 00| 0 eng d | ||
| 020 | _a81-004-0539-8 | ||
| 040 |
_aNational Science Library _cNational Science Library |
||
| 080 |
_a543.42/.51 _bN3 |
||
| 100 | 1 |
_aKalsi, P S _98147 |
|
| 245 | _aSpectroscopy of organic compounds | ||
| 260 |
_aNew Delhi: _bWiley Eastern Limited, _c1993 |
||
| 300 | _axii, 444p. | ||
| 650 | _aScience | ||
| 942 |
_2udc _cBK |
||
| 999 |
_c27403 _d27403 |
||